000 02147cam a2200577 i 4500
001 1839
003 FISKH
005 20231004140124.0
008 151109s2016 nyua c 000 1 eng c
010 _a 2015020869
020 _a9780316297851 (paper over board)
020 _z9780316380386 (ebook)
020 _z9780316380300 (library edition ebook)
040 _aNJQ/DLC
_beng
_cNJQ
_erda
_dDLC
042 _alcac
_apcc
043 _an-us-ny
050 0 0 _aPZ7.R61585
_bTc 2016
082 0 4 _a[Fic]
_223
100 1 _aRodkey, Geoff,
_d1970-
245 1 4 _aThe Tapper twins run for president /
_cGeoff Rodkey.
250 _aFirst edition.
260 _aNew York :
_bScholastic ;
_c2016.
264 1 _aBoston :
_bLittle, Brown and Company,
300 _a269 pages :
_billustrations ;
_c22 cm.
336 _atext
_2rdacontent
337 _aunmediated
_2rdamedia
338 _avolume
_2rdacarrier
490 0 _aThe Tapper twins ;
_vbook 3
505 _aR
520 _aA humorous oral history that chronicles twelve-year-old twins Reese and Claudia Tapper's heated competition to become sixth grade class president of their New York City private school, through text messages, photographs, screenshots, and more.
521 8 _a730
_bLexile
521 8 _aR
_bRaz-Plus
650 0 _aTwins
_vJuvenile fiction.
650 0 _aBrothers and sisters
_vJuvenile fiction.
650 0 _aCompetition (Psychology)
_vJuvenile fiction.
650 0 _aSchool elections
_vJuvenile fiction.
650 0 _aMiddle schools
_zNew York (State)
_zNew York
_vJuvenile fiction.
650 0 _aHumorous stories.
650 1 _aTwins
_vFiction.
650 1 _aSiblings
_vFiction.
650 1 _aCompetition
_vFiction.
650 1 _aElections
_vFiction.
650 1 _aMiddle schools
_vFiction.
650 1 _aHumorous stories.
651 0 _aNew York (N.Y.)
_vJuvenile fiction.
651 1 _aNew York (N.Y.)
_vFiction.
655 7 _aHumorous fiction.
_2gsafd
906 _a7
_bcbc
_corignew
_d1
_eecip
_f20
_gy-gencatlg
942 _2ddc
_cBK
_n0
999 _c1839
_d1839